Catálogo

CONTROL ESTADISTICO DE CALIDAD Y SEIS SIGMA (Registro nro. 50951)

Detalles MARC
000 -LEADER
fixed length control field 01064nam a2200217 a 4500
001 - CONTROL NUMBER
control field 50951
005 - DATE AND TIME OF LATEST TRANSACTION
control field 20180714040215.0
008 - FIXED-LENGTH DATA ELEMENTS--GENERAL INFORMATION
fixed length control field 140415s2004 mx 000 0 spa d
020 ## - INTERNATIONAL STANDARD BOOK NUMBER
International Standard Book Number 9789701047248
041 ## - LANGUAGE CODE
Language code of text/sound track or separate title spa
082 ## - DEWEY DECIMAL CLASSIFICATION NUMBER
Classification number 658.562
Item number GUT
100 1# - MAIN ENTRY--PERSONAL NAME
Personal name Gutiérrez Pulido, Humberto,.
245 10 - TITLE STATEMENT
Title CONTROL ESTADISTICO DE CALIDAD Y SEIS SIGMA
250 ## - EDITION STATEMENT
Edition statement 1a ed.
260 ## - PUBLICATION, DISTRIBUTION, ETC.
Place of publication, distribution, etc. MEXICO :
Name of publisher, distributor, etc. MCGRAW-HILL INTERAMERICANO DE MEXICO,
Date of publication, distribution, etc. 2004
300 ## - PHYSICAL DESCRIPTION
Extent 510
Dimensions 19 x 3 x 25
490 ## - SERIES STATEMENT
Series statement AUTORES, TEXTOS Y TEMAS HERMENEUSIS
520 ## - SUMMARY, ETC.
Summary, etc. EN ESTA OBRA SE STUDIAN LOS PRINCIPALES CONCEPTOS Y MÉTODOS DEL CONTROL ESTADÍSTICO DE CALIDAD, EL CUAL HA DEMOSTRADO SU UTILIDAD EN EMPRESAS DE MANUFACTURA Y DE SERVICIO DE TODO ELMUNDO. ASÍ MISMO SE ABORDAN LOS MÉTODOS Y LA ESTRATEGÍA DE MEJORA CONOCIDA COMOS EIS SIGMA , QUE POR MÁS DE UNA DECADA HAN UTILIZADO NUMEROSAS COMPAÑÍAS LÍDERES.
650 14 - SUBJECT ADDED ENTRY--TOPICAL TERM
Topical term or geographic name entry element CALIDAD TOTAL
General subdivision CONTROL DE CALIDAD
-- EMPRESAS
-- ADMINISTRACIN
-- CONTROL ESTADISTICO DE CALIDAD
700 1# - ADDED ENTRY--PERSONAL NAME
Personal name VARA SALAZAR, ROMAN DE LA
Relator term coaut.
Existencias
Withdrawn status Lost status Source of classification or shelving scheme Damaged status Not for loan Collection code Home library Current library Shelving location Date acquired Source of acquisition Inventory number Total Checkouts Full call number Barcode Date last seen Date last checked out Price effective from Koha item type
    Dewey Decimal Classification     General Biblioteca Karol Wojtyla Biblioteca Karol Wojtyla Sala general 03/12/2013 Compra 151000000000000000026117   658.562 GUT 78339 05/01/2026 14/10/2017 03/12/2013 Libro
    Dewey Decimal Classification     General Biblioteca Karol Wojtyla Biblioteca Karol Wojtyla Sala general 03/12/2013 Compra 151000000000000000026115   658.562 GUT 76052 05/01/2026 03/03/2018 03/12/2013 Libro
    Dewey Decimal Classification     General Biblioteca Karol Wojtyla Biblioteca Karol Wojtyla Sala general 03/12/2013 Compra 151000000000000000026116 1 658.562 GUT 78338 05/01/2026 23/08/2022 03/12/2013 Libro